[Event "4NCL/Div1/BR-ADS"]
[Site "Rd7-Birmingham"]
[Date "2000.03.25"]
[Round "7.1"]
[White "Ansell, Simon"]
[Black "Chandler, Murray"]
[Result "1/2-1/2"]
[WhiteElo "2383"]
[BlackElo "2527"]
[PlyCount "121"]
[EventDate "2000.03.25"]
[SourceDate "2000.01.01"]

1. e4 c5 2. Nf3 e6 3. d3 Nc6 4. g3 g6 5. Bg2 Bg7 6. O-O Nge7 7. Re1 d6 8. c3 e5
9. a3 O-O 10. b4 Kh8 11. Nbd2 f5 12. Nb3 fxe4 13. dxe4 c4 14. Nbd2 Be6 15. a4
a6 16. a5 Na7 17. Qe2 Qc7 18. Ng5 Bg8 19. Bh3 Rf6 20. Nf1 Nb5 21. Bd2 Raf8 22.
f4 h6 23. Nf3 exf4 24. gxf4 Rxf4 25. Bxf4 Rxf4 26. Qe3 Rf8 27. Rac1 Nc6 28. Ng3
Qe7 29. Ne2 Kh7 30. Bg2 Re8 31. Ned4 Nbxd4 32. cxd4 Nxb4 33. Bf1 d5 34. e5 Be6
35. Be2 Bf5 36. Rf1 Nc6 37. Qd2 Rf8 38. Rf2 Be4 39. Rcf1 Rf5 40. Bd1 Nb4 41.
Rg2 Nd3 42. Rg3 Nf4 43. Qe3 g5 44. Ne1 Rf8 45. Bc2 Bxc2 46. Nxc2 h5 47. Ne1 Bh6
48. Rgf3 Qe6 49. Kh1 Qg4 50. h3 Qe6 51. Ng2 Rg8 52. Qa3 Rg7 53. Nxf4 gxf4 54.
Rg1 Rxg1+ 55. Kxg1 Qg6+ 56. Kh2 Qc2+ 57. Kh1 Qd1+ 58. Kg2 Qc2+ 59. Kh1 Qd1+ 60.
Kg2 Qc2+ 61. Kh1 1/2-1/2

[Event "4NCL/Div1/BR-ADS"]
[Site "Rd7-Birmingham"]
[Date "2000.03.25"]
[Round "7.2"]
[White "Mestel, Jonathan"]
[Black "Sherwin, James"]
[Result "0-1"]
[WhiteElo "2479"]
[BlackElo "2369"]
[PlyCount "84"]
[EventDate "2000.03.25"]
[SourceDate "2000.01.01"]

1. c4 Nf6 2. Nc3 c5 3. g3 Nc6 4. Bg2 g6 5. a3 Bg7 6. Rb1 a5 7. e4 d6 8. Nge2
O-O 9. d3 Ne8 10. O-O Nc7 11. Be3 Rb8 12. Nb5 Bg4 13. f3 Bd7 14. a4 Ne6 15. f4
f5 16. exf5 gxf5 17. Re1 Nc7 18. d4 b6 19. Qd2 Nxb5 20. axb5 Nb4 21. Rbd1 Rc8
22. b3 Bf6 23. dxc5 bxc5 24. Nc3 Qc7 25. Bf2 Be8 26. Nd5 Nxd5 27. Qxd5+ Kh8 28.
Qxf5 Bg6 29. Qh3 Bc3 30. Re3 Bf6 31. Bd5 Rce8 32. Re6 Bf7 33. Be4 Bg8 34. Rd5
Rf7 35. Bg6 Qc8 36. f5 Rg7 37. Rdxd6 Bxe6 38. Rxe6 Rd8 39. Re1 Rxg6 40. b6 Rg5
41. Be3 Rxf5 42. b7 Qd7 0-1

[Event "4NCL/Div1/BR-ADS"]
[Site "Rd7-Birmingham"]
[Date "2000.03.25"]
[Round "7.3"]
[White "Ledger, David"]
[Black "Bellin, Robert"]
[Result "0-1"]
[WhiteElo "2285"]
[BlackElo "2351"]
[PlyCount "140"]
[EventDate "2000.03.25"]
[SourceDate "2000.01.01"]

1. e4 c5 2. Nc3 Nc6 3. f4 g6 4. Nf3 Bg7 5. Bb5 Nd4 6. Bd3 d6 7. Nxd4 cxd4 8.
Ne2 Nf6 9. c3 dxc3 10. bxc3 O-O 11. O-O b6 12. Bc2 Bb7 13. d3 Qc7 14. Qe1 Rac8
15. Bd2 e6 16. Qh4 Qc5+ 17. Kh1 Qh5 18. Qxh5 Nxh5 19. a4 f5 20. Bb3 Rfe8 21.
exf5 gxf5 22. Kg1 Nf6 23. Nd4 Bd5 24. Rab1 a6 25. Rfe1 Kf7 26. Nc2 Bxb3 27.
Rxb3 Nd7 28. Reb1 Rc7 29. Kf1 d5 30. Ne3 Nc5 31. Rxb6 Nxa4 32. Rxa6 Nc5 33. Ra3
Nxd3 34. g3 Nc5 35. Ke2 Ne4 36. Kd3 Rec8 37. Nd1 Nc5+ 38. Ke2 Ne4 39. Kd3 Rc4
40. Ne3 Nxd2 41. Rb7+ Kg8 42. Nxc4 Nxc4 43. Raa7 Bf6 44. Ra6 Re8 45. Rd7 h6 46.
Rb7 Bg7 47. h3 Bf8 48. Rd7 h5 49. h4 Nd6 50. Raxd6 Bxd6 51. Rxd6 Kf7 52. c4
dxc4+ 53. Kxc4 Rc8+ 54. Kd4 Rg8 55. Rd7+ Kf6 56. Rh7 Rxg3 57. Rxh5 Rf3 58. Rh6+
Ke7 59. Kc5 Rxf4 60. Rh7+ Kf6 61. Rh6+ Ke5 62. Rh8 Rf1 63. Kc4 Ke4 64. Kc3 e5
65. h5 Rf2 66. h6 Rh2 67. h7 f4 68. Kc4 f3 69. Kc3 f2 70. Rf8 Ke3 0-1

[Event "4NCL/Div1/BR-ADS"]
[Site "Rd7-Birmingham"]
[Date "2000.03.25"]
[Round "7.4"]
[White "Richardson, John"]
[Black "Buckley, Simon"]
[Result "1/2-1/2"]
[WhiteElo "2331"]
[BlackElo "2270"]
[PlyCount "67"]
[EventDate "2000.03.25"]
[SourceDate "2000.01.01"]

1. d4 Nf6 2. c4 g6 3. g3 Bg7 4. Bg2 O-O 5. Nc3 d6 6. Nf3 a6 7. O-O Nc6 8. h3
Rb8 9. e4 b5 10. e5 Nd7 11. cxb5 axb5 12. Ng5 dxe5 13. Bxc6 exd4 14. Ne2 Nc5
15. Bg2 h6 16. Nf3 e5 17. Bxh6 Bxh6 18. Nxe5 d3 19. Nc3 Qd6 20. Re1 Bg7 21. Nc6
Bxc3 22. bxc3 Rb6 23. Ne7+ Kg7 24. Nd5 Rb8 25. Nf4 Rd8 26. Qd2 Ne6 27. Nd5 Bb7
28. c4 bxc4 29. Qc3+ Kg8 30. Nf6+ Kf8 31. Nh7+ Kg8 32. Nf6+ Kf8 33. Nh7+ Kg8
34. Nf6+ 1/2-1/2

[Event "4NCL/Div1/BR-ADS"]
[Site "Rd7-Birmingham"]
[Date "2000.03.25"]
[Round "7.5"]
[White "Moskovic, David"]
[Black "Cafferty, Bernard"]
[Result "1-0"]
[WhiteElo "2247"]
[BlackElo "2195"]
[PlyCount "95"]
[EventDate "2000.03.25"]
[SourceDate "2000.01.01"]

1. e4 Nf6 2. e5 Nd5 3. c4 Nb6 4. d4 d6 5. exd6 cxd6 6. Nc3 g6 7. Be3 Bg7 8. Rc1
d5 9. c5 Nc4 10. Bxc4 dxc4 11. Nf3 Bg4 12. O-O Nc6 13. d5 Ne5 14. Qa4+ Bd7 15.
c6 bxc6 16. Nxe5 Bxe5 17. dxc6 Be6 18. b4 O-O 19. b5 Qc7 20. f4 Bg7 21. Ne4
Rfb8 22. Nc5 Qb6 23. Rfe1 Bf5 24. Ne6 Bxe6 25. Bxb6 axb6 26. Qb4 Bd4+ 27. Kh1
Bc5 28. Qc3 Ra3 29. Qc2 Bd5 30. Re5 e6 31. Rd1 Rba8 32. c7 R3a7 33. Rexd5 exd5
34. Rxd5 Rxc7 35. Qxc4 Rca7 36. Rd2 Ra4 37. Qb3 Rxf4 38. g3 Rf1+ 39. Kg2 Rg1+
40. Kh3 Ra3 41. Rd8+ Kg7 42. Qb2+ Kh6 43. Qd2+ Kg7 44. Qb2+ Kh6 45. Rg8 f5 46.
Qf6 Ra4 47. Qg7+ Kg5 48. Qxh7 1-0

[Event "4NCL/Div1/BR-ADS"]
[Site "Rd7-Birmingham"]
[Date "2000.03.25"]
[Round "7.6"]
[White "Timmermans, Ivo"]
[Black "Hanley, Craig"]
[Result "1/2-1/2"]
[WhiteElo "2195"]
[BlackElo "2231"]
[PlyCount "163"]
[EventDate "2000.03.25"]
[SourceDate "2000.01.01"]

1. e4 e6 2. d4 d5 3. Nc3 Nf6 4. e5 Nfd7 5. f4 c5 6. Nf3 Nc6 7. Be3 a6 8. Qd2 b5
9. dxc5 b4 10. Na4 Qa5 11. Nb6 Nxb6 12. cxb6 Bc5 13. Bxc5 Qxc5 14. O-O-O Qxb6
15. Kb1 a5 16. f5 exf5 17. Qg5 O-O 18. Bd3 a4 19. Bxf5 h6 20. Qf4 Qc5 21. Rhe1
b3 22. a3 bxc2+ 23. Bxc2 Rb8 24. Qe3 Qb5 25. Qc3 Bg4 26. Nd4 Nxd4 27. Rxd4 Rfc8
28. Qb4 Qxb4 29. axb4 Rc4 30. Rxc4 dxc4 31. Re4 Be6 32. Rd4 g5 33. Bxa4 Rxb4
34. Bc6 Rb6 35. Ba4 Rb4 36. Bc6 Rb3 37. Ba4 Re3 38. Bb5 c3 39. bxc3 Rxc3 40.
Bd7 Bxd7 41. Rxd7 Re3 42. Rd4 Rxe5 43. Kc2 Kg7 44. Kd3 Kg6 45. Re4 Ra5 46. Ke3
h5 47. Kf3 Kf5 48. Re3 Ra2 49. h3 g4+ 50. hxg4+ hxg4+ 51. Kg3 Kg5 52. Re5+ f5
53. Rb5 Ra3+ 54. Kf2 g3+ 55. Kf1 Kf4 56. Rb4+ Ke3 57. Rb1 f4 58. Kg1 Ra2 59.
Kf1 Rf2+ 60. Kg1 Rc2 61. Kf1 Kd2 62. Ra1 Rc3 63. Ra2+ Kd3 64. Ra1 Rc2 65. Ra3+
Ke4 66. Ra1 Rf2+ 67. Kg1 Rd2 68. Kf1 Kd3 69. Ra3+ Kc2 70. Ra4 Rf2+ 71. Kg1 Kb3
72. Ra1 Kc3 73. Ra3+ Kb2 74. Ra4 Kb1 75. Rc4 Kb2 76. Ra4 Kc3 77. Ra3+ Kb4 78.
Ra1 Kb3 79. Rb1+ Kc2 80. Rb4 Kd3 81. Ra4 Kc3 82. Ra3+ 1/2-1/2

[Event "4NCL/Div1/BR-ADS"]
[Site "Rd7-Birmingham"]
[Date "2000.03.25"]
[Round "7.8"]
[White "Edwards, Ray"]
[Black "Buckley, Melanie"]
[Result "1/2-1/2"]
[WhiteElo "2064"]
[BlackElo "2090"]
[PlyCount "126"]
[EventDate "2000.03.25"]
[SourceDate "2000.01.01"]

1. d4 e6 2. c4 Nf6 3. Nc3 Bb4 4. Bg5 b6 5. f3 c5 6. d5 exd5 7. cxd5 d6 8. e4
Nbd7 9. Nge2 b5 10. Ng3 Qb6 11. Be3 Qa5 12. Qc1 c4 13. Be2 O-O 14. O-O Bc5 15.
Nf5 Qb6 16. a4 Ne5 17. a5 Bxe3+ 18. Qxe3 Qxe3+ 19. Nxe3 a6 20. Nc2 Ned7 21. Nb4
Nc5 22. Bd1 Re8 23. Bc2 Bb7 24. Rad1 Re7 25. Ne2 Ne8 26. Nd4 g6 27. Rfe1 Ng7
28. g4 f6 29. Kf2 Kf7 30. Ndc6 Ree8 31. f4 Bc8 32. h3 Nd7 33. Re3 h6 34. Kg3 g5
35. fxg5 hxg5 36. Rf3 Bb7 37. Rdf1 Rf8 38. b3 cxb3 39. Rxb3 Rae8 40. Rc3 Rc8
41. Rcf3 Ne8 42. Rh1 Rh8 43. h4 gxh4+ 44. Rxh4 Rxh4 45. Kxh4 Ne5 46. Rc3 Ng6+
47. Kg3 Kg7 48. Bb3 Ne5 49. Rc2 Nd7 50. Nd3 Kf7 51. Kf4 Kg7 52. g5 Kf7 53. Rh2
Nf8 54. gxf6 Kxf6 55. e5+ dxe5+ 56. Ndxe5 Bxc6 57. Rh6+ Kg7 58. Rxc6 Rxc6 59.
Nxc6 Kf6 60. Ke4 Nd7 61. Kd4 Nd6 62. Bc2 Nb7 63. Bd3 Ndc5 1/2-1/2

[Event "4NCL/Div1/NWE-WG2"]
[Site "Rd7-Birmingham"]
[Date "2000.03.25"]
[Round "7.1"]
[White "Lund, Brett"]
[Black "Levitt, Jon"]
[Result "1/2-1/2"]
[WhiteElo "2291"]
[BlackElo "2438"]
[PlyCount "108"]
[EventDate "2000.03.25"]
[SourceDate "2000.01.01"]

1. c4 f5 2. Nc3 Nf6 3. g3 e5 4. Bg2 g6 5. d3 Bg7 6. e4 d6 7. Nge2 O-O 8. O-O
Nc6 9. Nd5 Kh8 10. h3 Be6 11. Be3 Qd7 12. Kh2 Rae8 13. Qd2 Nh5 14. exf5 gxf5
15. f4 Nd8 16. Rae1 c6 17. Ndc3 a6 18. b3 b5 19. cxb5 axb5 20. d4 e4 21. d5
cxd5 22. Nxd5 Bxd5 23. Qxd5 Nf6 24. Qd2 Ne6 25. Rc1 Rb8 26. Rfd1 Rfd8 27. Nd4
Nxd4 {(=)} 28. Bxd4 d5 29. Rc5 Rbc8 30. b4 Rxc5 31. bxc5 Nh5 32. Rc1 Bxd4 33.
Qxd4+ Qg7 34. Rd1 Qxd4 35. Rxd4 Ng7 36. c6 Ne6 37. Rd1 Kg7 38. Bf1 Nc7 39. g4
Rd6 40. Rc1 d4 41. gxf5 Kf6 42. Kg3 d3 43. Kf2 d2 44. Rd1 Kxf5 45. Ke3 Rxc6 46.
Rxd2 Rc3+ 47. Kd4 b4 48. Bc4 Rxh3 49. Rb2 Kxf4 50. Rxb4 Rh6 51. a4 Rd6+ 52. Kc5
Ke5 53. Rb7 Na6+ 54. Kb5 h6 1/2-1/2

[Event "4NCL/Div1/NWE-WG2"]
[Site "Rd7-Birmingham"]
[Date "2000.03.25"]
[Round "7.2"]
[White "Law, Andrew"]
[Black "Tebb, David"]
[Result "1/2-1/2"]
[WhiteElo "2304"]
[BlackElo "2272"]
[PlyCount "57"]
[EventDate "2000.03.25"]
[SourceDate "2000.01.01"]

1. Nf3 Nf6 2. c4 g6 3. Nc3 Bg7 4. e4 d6 5. d4 O-O 6. Be2 e5 7. O-O Nc6 8. d5
Ne7 9. b4 Nh5 10. Re1 a5 11. bxa5 Rxa5 12. a4 Nf4 13. Bf1 h6 14. Ba3 f5 15. Bb4
Ra8 16. c5 fxe4 17. cxd6 cxd6 18. Nxe4 Nf5 19. g3 g5 20. gxf4 exf4 21. Bc3 Bxc3
22. Nxc3 g4 23. Nd4 Qf6 24. Nxf5 Bxf5 25. Qd2 Rf7 26. Ne4 Bxe4 27. Rac1 Bf3 28.
Re6 Qg5 29. Rxd6 1/2-1/2

[Event "4NCL/Div1/NWE-WG2"]
[Site "Rd7-Birmingham"]
[Date "2000.03.25"]
[Round "7.3"]
[White "Littlewood, John"]
[Black "Pert, Richard"]
[Result "0-1"]
[WhiteElo "2313"]
[BlackElo "2298"]
[PlyCount "32"]
[EventDate "2000.03.25"]
[SourceDate "2000.01.01"]

1. e4 c5 2. Nf3 d6 3. d4 cxd4 4. Nxd4 Nf6 5. Nc3 g6 6. Nd5 Bg7 7. Bb5+ Bd7 8.
O-O Nc6 9. Nb3 a6 10. Be2 Nxe4 11. Be3 O-O 12. Bb6 Qc8 13. Bd4 Bxd4 14. Nxd4
Qd8 15. Re1 e6 16. Ne3 Nxf2 0-1

[Event "4NCL/Div1/NWE-WG2"]
[Site "Rd7-Birmingham"]
[Date "2000.03.25"]
[Round "7.4"]
[White "Norris, Alan"]
[Black "Kennaugh, Charles"]
[Result "1/2-1/2"]
[WhiteElo "2301"]
[BlackElo "2290"]
[PlyCount "54"]
[EventDate "2000.03.25"]
[SourceDate "2000.01.01"]

1. d4 Nf6 2. Nf3 g6 3. Bg5 Bg7 4. Nbd2 c5 5. c3 cxd4 6. cxd4 d5 7. e3 Nc6 8.
Bd3 O-O 9. O-O Re8 10. Qb3 Qa5 11. Rac1 e6 12. Rc5 Qb6 13. Rb5 Qc7 14. Rc1 Nd7
15. Qc2 Qd6 16. Bf4 Qe7 17. a3 a6 18. Rb3 e5 19. dxe5 Ndxe5 20. Nxe5 Nxe5 21.
Bxe5 Bxe5 22. Nf3 Bf6 23. Nd4 Bxd4 24. exd4 Bf5 25. Qd2 Bxd3 26. Rxd3 Rac8 27.
Re3 Rxc1+ 1/2-1/2

[Event "4NCL/Div1/NWE-WG2"]
[Site "Rd7-Birmingham"]
[Date "2000.03.25"]
[Round "7.5"]
[White "Quillan, Gary"]
[Black "Lee, Graham"]
[Result "1/2-1/2"]
[WhiteElo "2349"]
[BlackElo "2328"]
[PlyCount "85"]
[EventDate "2000.03.25"]
[SourceDate "2000.01.01"]

1. e4 c6 2. d4 d5 3. exd5 cxd5 4. c4 Nf6 5. Nc3 Nc6 6. Nf3 Bg4 7. cxd5 Nxd5 8.
Qb3 Bxf3 9. gxf3 Nb6 10. d5 Nd4 11. Qd1 e5 12. dxe6 Qf6 13. exf7+ Kxf7 14. Bg2
Qe6+ 15. Be3 Nf5 16. Qb3 Nxe3 17. fxe3 Bc5 18. e4 Rad8 19. Rc1 Rd3 20. Qb5 Qc4
21. Qxc4+ Nxc4 22. Nd5 Rxd5 23. Rxc4 Rg5 24. Bh3 b5 25. Rc2 Bd6 26. Ke2 Rh5 27.
Bd7 Rd8 28. Bc6 b4 29. Bd5+ Ke7 30. Ke3 Rh3 31. Rg2 g6 32. Ke2 Be5 33. b3 Bf4
34. Rd1 Kf6 35. Rd4 Rb8 36. Bc4 Rb7 37. Rd8 Bxh2 38. Rf8+ Kg7 39. Rg8+ Kf6 40.
Rf8+ Kg7 41. Rg8+ Kf6 42. Rg4 Rb8 43. Rxb8 1/2-1/2

[Event "4NCL/Div1/NWE-WG2"]
[Site "Rd7-Birmingham"]
[Date "2000.03.25"]
[Round "7.6"]
[White "Yastrebov, Alexander"]
[Black "Sheldon, Ruth"]
[Result "0-1"]
[WhiteElo "2178"]
[BlackElo "2281"]
[PlyCount "90"]
[EventDate "2000.03.25"]
[SourceDate "2000.01.01"]

1. e4 c5 2. Nf3 e6 3. c3 Nf6 4. e5 Nd5 5. d4 cxd4 6. Qxd4 Nc6 7. Qe4 f5 8. Qe2
Qc7 9. g3 Nde7 10. Na3 Ng6 11. Nb5 Qb8 12. Bf4 Nxf4 13. gxf4 a6 14. Nbd4 Nxd4
15. Nxd4 b5 16. Bg2 Bb7 17. Rg1 g6 18. O-O-O Be7 19. Kb1 Bxg2 20. Rxg2 Qb7 21.
f3 Kf7 22. Qf1 Rac8 23. Rgd2 Rc7 24. Qf2 b4 25. cxb4 Qxb4 26. h4 h5 27. Rd3
Rhc8 28. Rb3 Qa4 29. Qd2 Bc5 30. Ne2 a5 31. Nc3 Bb4 32. Qd4 Qc6 33. a3 Bc5 34.
Qa4 Qxa4 35. Nxa4 Bf2 36. Rb5 Ra7 37. Rd6 Bxh4 38. Nb6 Rcc7 39. Rd4 Rab7 40. a4
Bf2 41. Rc4 Rxc4 42. Nxc4 Rxb5 43. axb5 h4 44. Nd2 h3 45. Nf1 Be3 0-1

[Event "4NCL/Div1/NWE-WG2"]
[Site "Rd7-Birmingham"]
[Date "2000.03.25"]
[Round "7.7"]
[White "Merriman, John"]
[Black "Tan, Desmond"]
[Result "1-0"]
[WhiteElo "2250"]
[BlackElo "2179"]
[PlyCount "153"]
[EventDate "2000.03.25"]
[SourceDate "2000.01.01"]

1. d4 Nf6 2. c4 e6 3. Nc3 Bb4 4. e3 b6 5. Nge2 Ne4 6. Qc2 Bb7 7. a3 Bxc3+ 8.
Nxc3 Nxc3 9. Qxc3 O-O 10. b4 d6 11. Bb2 f5 12. c5 Qe7 13. Rc1 Rf7 14. Qb3 Bd5
15. Bc4 Bxc4 16. Qxc4 Nd7 17. O-O Nf6 18. f3 Raf8 19. Rfe1 Nd5 20. Qa6 Ra8 21.
Rc2 Qd8 22. e4 fxe4 23. fxe4 Ne7 24. cxd6 cxd6 25. Rec1 Qf8 26. Qe2 Rd8 27. Qg4
Rf6 28. d5 e5 29. Rc7 a5 30. Bc3 Rg6 31. Qe2 axb4 32. Bxb4 Rc8 33. Rxc8 Nxc8
34. Qa6 Ne7 35. Rf1 Qb8 36. Qb5 Qd8 37. Bd2 h6 38. Be3 Nc8 39. Qc6 Rg4 40. Qc2
Ne7 41. h3 Rh4 42. Rc1 b5 43. Qd3 Kh7 44. Bf2 Rf4 45. g3 Rf8 46. Qxb5 Ng6 47.
h4 Rf3 48. a4 Qf6 49. Qe2 Ra3 50. Rc4 Nf8 51. Be1 Nd7 52. Kg2 Nc5 53. Bb4 Rxa4
54. Bxc5 Rxc4 55. Qxc4 dxc5 56. Qxc5 Qa6 57. Qc2 Qa3 58. Qf2 Kg8 59. Qf5 Qb2+
60. Kh3 Qd4 61. h5 Qa1 62. Qe6+ Kf8 63. Qf5+ Kg8 64. Kg4 Qd4 65. Qg6 Qd1+ 66.
Kf5 Qf1+ 67. Kxe5 Qa1+ 68. Ke6 Qa6+ 69. d6 Qc8+ 70. d7 Qc6+ 71. Ke7 Qc5+ 72.
Qd6 Qg5+ 73. Ke8 Qxh5+ 74. Kd8 Qa5+ 75. Qc7 Qg5+ 76. Kc8 Qg4 77. Kb8 1-0

[Event "4NCL/Div1/NWE-WG2"]
[Site "Rd7-Birmingham"]
[Date "2000.03.25"]
[Round "7.8"]
[White "Jackson, Sheila"]
[Black "James, Dale"]
[Result "1-0"]
[WhiteElo "2186"]
[BlackElo "2239"]
[PlyCount "95"]
[EventDate "2000.03.25"]
[SourceDate "2000.01.01"]

1. e4 c5 2. c3 Nf6 3. e5 Nd5 4. d4 e6 5. Nf3 cxd4 6. cxd4 Nc6 7. Bd3 b6 8. a3
Bb7 9. O-O d6 10. Qe2 a6 11. Bd2 dxe5 12. dxe5 Bc5 13. Nc3 Nd4 14. Nxd4 Bxd4
15. Qe4 Bxc3 16. Bxc3 Qd7 17. Qd4 Rd8 18. Rfd1 Qc6 19. Bf1 O-O 20. Bb4 Rfe8 21.
Rac1 Qa4 22. Bd6 Qxd4 23. Rxd4 Rc8 24. Rdc4 b5 25. Rxc8 Rxc8 26. Rxc8+ Bxc8 27.
g3 f5 28. exf6 gxf6 29. Bd3 f5 30. f4 Kf7 31. Kf2 Ke8 32. Be5 Kd7 33. g4 Kc6
34. g5 Bd7 35. h4 Be8 36. Be2 Bf7 37. h5 a5 38. Kg3 Ne3 39. Bc3 Nc4 40. Kh4 a4
41. g6 hxg6 42. h6 Bg8 43. Kg5 Nd6 44. Kxg6 Ne8 45. h7 Bxh7+ 46. Kxh7 Nd6 47.
Kg6 Kd5 48. Be5 1-0

[Event "4NCL/Div1/AD-SL"]
[Site "Rd8-Birmingham"]
[Date "2000.03.26"]
[Round "8.1"]
[White "Chandler, Murray"]
[Black "Khenkin, Igor"]
[Result "1/2-1/2"]
[WhiteElo "2527"]
[BlackElo "2622"]
[PlyCount "33"]
[EventDate "2000.03.26"]
[SourceDate "2000.01.01"]

1. e4 c6 2. d4 d5 3. Nd2 dxe4 4. Nxe4 Bf5 5. Ng3 Bg6 6. h4 h6 7. Nh3 Nf6 8. Nf4
Bh7 9. Bc4 e6 10. Nfh5 Nxh5 11. Nxh5 Nd7 12. c3 Nf6 13. Bf4 Nxh5 14. Qxh5 Bd6
15. Qg4 Bxf4 16. Qxf4 Qf6 17. Qxf6 1/2-1/2

[Event "4NCL/Div1/AD-SL"]
[Site "Rd8-Birmingham"]
[Date "2000.03.26"]
[Round "8.2"]
[White "Turner, Matthew"]
[Black "Mestel, Jonathan"]
[Result "0-1"]
[WhiteElo "2489"]
[BlackElo "2479"]
[PlyCount "46"]
[EventDate "2000.03.26"]
[SourceDate "2000.01.01"]

1. c4 e5 2. Nc3 d6 3. g3 g6 4. Bg2 Bg7 5. e3 Nc6 6. Nge2 h5 7. d4 h4 8. dxe5
Nxe5 9. f4 h3 10. Be4 Ng4 11. Bf3 N8f6 12. Nd5 O-O 13. Nxf6+ Nxf6 14. Nc3 c6
15. e4 Be6 16. Qd3 Qb6 17. b3 Nxe4 18. Bxe4 d5 19. cxd5 cxd5 20. Bf3 Bf5 21.
Qd2 Rfe8+ 22. Kd1 Bxc3 23. Qxc3 Rac8 0-1

[Event "4NCL/Div1/AD-SL"]
[Site "Rd8-Birmingham"]
[Date "2000.03.26"]
[Round "8.3"]
[White "Bellin, Robert"]
[Black "Hebden, Mark"]
[Result "0-1"]
[WhiteElo "2351"]
[BlackElo "2494"]
[PlyCount "56"]
[EventDate "2000.03.26"]
[SourceDate "2000.01.01"]

1. Nf3 Nf6 2. b3 d6 3. d4 g6 4. Bb2 Bg7 5. Nbd2 O-O 6. e4 a5 7. a4 Nc6 8. Bb5
Nd7 9. O-O e5 10. c3 f5 11. dxe5 Ndxe5 12. Nxe5 Nxe5 13. f4 Ng4 14. Qe2 c6 15.
Bd3 fxe4 16. Nxe4 Bf5 17. h3 Qb6+ 18. Kh1 Bxe4 19. Bxe4 Nf6 20. Bc2 Rae8 21.
Qd2 Ne4 22. Bxe4 Rxe4 23. f5 gxf5 24. Qxd6 Qxb3 25. Rf2 Rfe8 26. Qg3 Kh8 27.
Raf1 Re1 28. Ba1 Qd1 0-1

[Event "4NCL/Div1/AD-SL"]
[Site "Rd8-Birmingham"]
[Date "2000.03.26"]
[Round "8.4"]
[White "Kosten, Anthony"]
[Black "Richardson, John"]
[Result "1-0"]
[WhiteElo "2511"]
[BlackElo "2331"]
[PlyCount "83"]
[EventDate "2000.03.26"]
[SourceDate "2000.01.01"]

1. c4 e5 2. g3 Nf6 3. Bg2 c6 4. d4 d6 5. Nc3 Be7 6. e3 Be6 7. d5 cxd5 8. cxd5
Bd7 9. Nge2 b5 10. a3 a5 11. Bd2 Na6 12. Na2 Nc5 13. O-O O-O 14. b4 axb4 15.
Nxb4 Qc8 16. Nc3 e4 17. Qb1 Bh3 18. Nxb5 Bxg2 19. Kxg2 Qf5 20. Nd4 Qg5 21. Qd1
Rfe8 22. Nb5 Rec8 23. Bc3 Bf8 24. a4 Ncd7 25. h4 Qf5 26. Bxf6 Qxf6 27. Nc6 Nc5
28. a5 g5 29. Qg4 h6 30. hxg5 hxg5 31. Nbd4 Re8 32. Qf5 Qxf5 33. Nxf5 g4 34.
Rh1 Bg7 35. Rab1 Na4 36. Rb7 Nc5 37. Rc7 Na6 38. Rd7 Nc5 39. Rxd6 Bf8 40. Rf6
Nd7 41. Nh6+ Bxh6 42. Rfxh6 1-0

[Event "4NCL/Div1/AD-SL"]
[Site "Rd8-Birmingham"]
[Date "2000.03.26"]
[Round "8.5"]
[White "Cafferty, Bernard"]
[Black "McNab, Colin"]
[Result "1/2-1/2"]
[WhiteElo "2195"]
[BlackElo "2424"]
[PlyCount "32"]
[EventDate "2000.03.26"]
[SourceDate "2000.01.01"]

1. c4 d6 2. d4 e5 3. Nf3 e4 4. Ng5 f5 5. Nc3 c6 6. d5 Be7 7. Nh3 Nf6 8. g3 Nbd7
9. Bg2 Ne5 10. b3 O-O 11. O-O Bd7 12. Bb2 Nfg4 13. Qd2 a5 14. Kh1 a4 15. f3 {
(=)} Nf6 16. Rab1 axb3 1/2-1/2

[Event "4NCL/Div1/AD-SL"]
[Site "Rd8-Birmingham"]
[Date "2000.03.26"]
[Round "8.6"]
[White "Summerscale, Aaron"]
[Black "Timmermans, Ivo"]
[Result "1-0"]
[WhiteElo "2430"]
[BlackElo "2195"]
[PlyCount "99"]
[EventDate "2000.03.26"]
[SourceDate "2000.01.01"]

1. d4 Nf6 2. c4 e6 3. Bg5 d5 4. cxd5 exd5 5. Nc3 c6 6. e3 h6 7. Bh4 Be7 8. Qc2
Nbd7 9. Bd3 Nh5 10. Bxe7 Qxe7 11. Nf3 Nf4 12. O-O Nxd3 13. Qxd3 Nf6 14. Ne5 O-O
15. a3 Qd6 16. Rac1 b6 17. Rfd1 Bb7 18. Qf5 Rad8 19. h3 Rfe8 20. Rc2 Re7 21.
Rdc1 Nd7 22. Nxd7 Rdxd7 23. Ne2 Rc7 24. Nf4 Bc8 25. Qh5 Be6 26. Nd3 f6 27. Nb4
Bf7 28. Qf5 Be8 29. Na6 Bd7 30. Qh5 Rb7 31. Nb4 Be8 32. Qf5 Rbc7 33. Na6 Bd7
34. Qh5 Rb7 35. Rc3 c5 36. dxc5 bxc5 37. Nxc5 Rxb2 38. Nxd7 Qxd7 39. Rc5 d4 40.
Rd5 Qe6 41. Rd8+ Kh7 42. Rcc8 Rb1+ 43. Kh2 Qe5+ 44. Qxe5 fxe5 45. exd4 e4 46.
Re8 Rf7 47. Rxe4 Rb2 48. f3 Rxf3 49. Rc7 Rxa3 50. Rg4 1-0

[Event "4NCL/Div1/AD-SL"]
[Site "Rd8-Birmingham"]
[Date "2000.03.26"]
[Round "8.7"]
[White "Edwards, Ray"]
[Black "Lalic, Susan"]
[Result "0-1"]
[WhiteElo "2064"]
[BlackElo "2318"]
[PlyCount "52"]
[EventDate "2000.03.26"]
[SourceDate "2000.01.01"]

1. d4 Nf6 2. c4 e6 3. Nc3 Bb4 4. Bg5 c5 5. d5 d6 6. e3 exd5 7. cxd5 Nbd7 8. Bb5
h6 9. Bxd7+ Bxd7 10. Bh4 Qe7 11. Nge2 g5 12. Bg3 Ne4 13. O-O Bxc3 14. Nxc3 Nxc3
15. bxc3 h5 16. f3 O-O-O 17. e4 h4 18. Bf2 g4 19. Be3 Rdg8 20. Qd3 gxf3 21.
Rxf3 Rg4 22. Bf4 Rhg8 23. Rf2 Qf6 24. Raf1 Qg6 25. g3 hxg3 26. Bxg3 Bb5 0-1

[Event "4NCL/Div1/BIG-NWE"]
[Site "Rd8-Birmingham"]
[Date "2000.03.26"]
[Round "8.1"]
[White "Parker, Jonathan"]
[Black "Quillan, Gary"]
[Result "1-0"]
[WhiteElo "2532"]
[BlackElo "2349"]
[PlyCount "115"]
[EventDate "2000.03.26"]
[SourceDate "2000.01.01"]

1. d4 Nf6 2. c4 e6 3. Nf3 c5 4. e3 cxd4 5. exd4 Bb4+ 6. Nc3 Ne4 7. Qc2 Qa5 8.
Qxe4 Bxc3+ 9. Nd2 Bb4 10. Bd3 d5 11. cxd5 Qxd5 12. O-O Nc6 13. Nf3 Qxe4 14.
Bxe4 O-O 15. Bf4 Rd8 16. Rfd1 Ne7 17. Bc7 Rd7 18. Rac1 Nd5 19. Bg3 f6 20. Rc4
Bf8 21. Rdc1 Rd8 22. Bxd5 exd5 23. Rc7 b6 24. Nd2 Bf5 25. Nf1 Be6 26. h4 g6 27.
R1c6 Re8 28. Bd6 Bh6 29. Be7 Bf4 30. Bd6 Bh6 31. Ne3 Bg7 32. Be7 Rac8 33. Rxc8
Rxc8 34. Rxe6 Kf7 35. Bxf6 Bxf6 36. Rd6 Bxd4 37. Rxd5 Rc1+ 38. Kh2 Bxe3 39.
fxe3 Ke6 40. Rd3 Rc2 41. Ra3 Rxb2 42. Rxa7 h5 43. Kg3 Rb4 44. Rg7 Kf5 45. Rf7+
Ke5 46. Re7+ Kf5 47. Kf3 Rxh4 48. e4+ Kf6 49. Rb7 Ke5 50. Rxb6 Rf4+ 51. Kg3
Rg4+ 52. Kh3 g5 53. Rb4 Rh4+ 54. Kg3 Rg4+ 55. Kh2 Rh4+ 56. Kg1 Rxe4 57. Rxe4+
Kxe4 58. Kh2 1-0

[Event "4NCL/Div1/BIG-NWE"]
[Site "Rd8-Birmingham"]
[Date "2000.03.26"]
[Round "8.2"]
[White "Kennaugh, Charles"]
[Black "Arkell, Keith"]
[Result "0-1"]
[WhiteElo "2290"]
[BlackElo "2436"]
[PlyCount "82"]
[EventDate "2000.03.26"]
[SourceDate "2000.01.01"]

1. e4 c6 2. d4 d5 3. e5 c5 4. dxc5 Nc6 5. Bf4 e6 6. Nd2 Bxc5 7. Nb3 Bf8 8. Nf3
Nge7 9. Bd3 Ng6 10. Bg3 Be7 11. h4 f6 12. Bxg6+ hxg6 13. Qd3 Kf7 14. O-O-O Nb4
15. Qe3 Qb6 16. Qxb6 axb6 17. a3 Na6 18. Nfd4 Nc5 19. Nd2 Ra4 20. N4f3 Bd7 21.
b4 Na6 22. Kb2 b5 23. Nb1 Nb8 24. Nc3 Ra6 25. Nd4 Nc6 26. exf6 Bxf6 27. Nce2
Rha8 28. c3 Rxa3 29. Ra1 Rxa1 30. Rxa1 Rxa1 31. Kxa1 Nxd4 32. Nxd4 e5 33. Nf3
Ke6 34. Kb2 d4 35. Nd2 Kd5 36. cxd4 Kxd4 37. Nf3+ Kd5 38. Kb3 e4 39. Ng5 Kd4
40. Bf4 Kd3 41. Be3 Bc6 0-1

[Event "4NCL/Div1/BIG-NWE"]
[Site "Rd8-Birmingham"]
[Date "2000.03.26"]
[Round "8.3"]
[White "Hunt, Harriet"]
[Black "Littlewood, John"]
[Result "1-0"]
[WhiteElo "2448"]
[BlackElo "2313"]
[PlyCount "59"]
[EventDate "2000.03.26"]
[SourceDate "2000.01.01"]

1. e4 c5 2. Nf3 d6 3. d4 cxd4 4. Nxd4 Nf6 5. Nc3 g6 6. Bc4 Bg7 7. O-O O-O 8.
Re1 Nc6 9. h3 Nxd4 10. Qxd4 Be6 11. Bxe6 fxe6 12. e5 Nd7 13. Qg4 Rf5 14. exd6
exd6 15. Rxe6 Qb6 16. Ne4 Raf8 17. Rxd6 Qc7 18. Qd1 Ne5 19. c3 Qe7 20. Qb3+ Kh8
21. Be3 Qh4 22. Ng3 R5f7 23. Bd4 Qf4 24. Rd1 h5 25. Qd5 h4 26. Ne2 Qf5 27. f4
Re7 28. Rd8 Kh7 29. Rxf8 Qc2 30. Bxe5 1-0